000 00200nam a2200097Ia 4500
008 240331s9999 xx 000 0 und d
082 _bPAV
100 _aPavithra
245 0 _aUrasal osaihal
942 _cL
999 _c4636
_d4636